| 000 | 01175cab a2200301 4500 | ||
|---|---|---|---|
| 001 | ABS46184 | ||
| 008 | 090401t1992 xxu||||| |||| 00| 0 eng d | ||
| 035 | _a(Sirsi) u57088 | ||
| 041 | _aeng | ||
| 100 | _aChappell, D. | ||
| 245 | _aColbart v Kumar - the final certificate | ||
| 260 | _c1992 | ||
| 350 | _a0 | ||
| 490 |
_aArchitects` Journal _v195(15) 15 April 1992, 54-55(2) |
||
| 520 | _aA recent case favouring a conclusive interpretation of the final certificate issued under the JCT IFC 84 could extend the liability of architects. The final certificate as conclusive allows the contractor to avoid liability for defects after its issue, leaving the employer to sue the architect for breach of duty in failing to identify the defects. | ||
| 650 | _aARCHITECTS | ||
| 650 | _aBUILT ENVIRONMENT-BUILDING CONTRACT FORMS | ||
| 650 | _aCOLBART V KUMAR | ||
| 650 | _aCONTRACT CLAIMS | ||
| 650 | _aDEFECTS | ||
| 650 | _aFINAL CERTIFICATES | ||
| 650 | _aJCT STANDARD FORM OF BUILDING CONTRACT (1980 EDITION) | ||
| 650 | _aJCT IFC 1984 | ||
| 650 | _aLIABILITY | ||
| 690 | _aBUILT ENVIRONMENT-BUILDING CONTRACT FORMS | ||
| 942 | _n0 | ||
| 948 | _c04/03/1997 | ||
| 999 |
_c34798 _d34798 |
||